00896 a2200193 4500020001500000040003300015082001500048100003200063245007500095260008200170300003500252500005100287650003800338650002800376650001800404856009800422856009000520856009200610 a0471269050 aLibrary of CongressbEnglish00a621.382/161 aKartalopoulos, Stamatios V.10aDWDM : networks, devices, and technology cStamatios V. Kartalopoulos. aPiscataway, N.J. :bIEEE Press ;aHoboken, N.J. :bWiley-Interscience,c2003. axxvi, 487 p. :bill. ;c26 cm. aIncludes bibliographical references and index. 0aWavelength division multiplexing. 0aOptical communications. 0aMultiplexing.423Contributor biographical informationuhttp://www.loc.gov/catdir/bios/wiley044/2003265356.html423Publisher descriptionuhttp://www.loc.gov/catdir/description/wiley037/2003265356.html423Table of contents onlyuhttp://www.loc.gov/catdir/enhancements/fy0615/2003265356-t.html